| 000 | 00882nam a2200217 a 4500 | ||
|---|---|---|---|
| 003 | 0 | ||
| 005 | 20250206154543.0 | ||
| 008 | 130729s19uu xx 00 eng d | ||
| 050 |
_aPHS HQ 799.15 _b.V164 2013 |
||
| 100 | _aValerio, Alyssa Liane B. | ||
| 245 |
_aSelf-discipline and parent-adolescent conflict among grade 11 students of Southville International School and Colleges / _cAlyssa Liane B. Valerio,. |
||
| 260 |
_aLas PiƱas City, Philippines : _bSouthville International School and Colleges, _c2013. |
||
| 300 |
_a36 pages : _billustrations ; _c28 cm. |
||
| 504 | _aIncludes bibliographical references. | ||
| 650 | _aSelf-discipline in adolescence. | ||
| 650 |
_aParent and teenager _vPsychological aspects. |
||
| 650 | _aParent-child conflict. | ||
| 650 |
_aAdolescence _vSocial aspects. |
||
| 650 |
_aHigh school students _vFamily relationships. |
||
| 942 |
_2lcc _cPASS |
||
| 999 |
_c98922 _d98922 |
||